00790cam a22002291 45000010008000000030004000080050017000120080041000290100017000700350019000870400031001060420012001370500023001490820012001721000034001842450126002182600034003443000044003785040064004226000032004867000042005189382102OSt20170208154253.0751222s1963 mauach b 000 0 eng  a 63011390  a(OCoLC)1900190 aDLCcRUndOCoLCdNSyUdDLC apremarc00aNC1135b.R578 1963 a741.9441 aGeissbuhler, Elisabeth Chase.00aRodin: later drawings.cWith interpretations by Antoine Bourdelle. Text and translations by Elisabeth Chase Geissbuhler. aBoston,bBeacon Pressc[1963] a105 p.billus., port., facsims.c25 cm. aBibliographical references included in "Notes" (p. 100-102)10aRodin, Auguste,d1840-1917.1 aBourdelle, Emile Antoine,d1861-1929.